Principles of refrigeration / (Record no. 67533)
[ view plain ]
| 000 -LEADER | |
|---|---|
| fixed length control field | 00663nam a2200229 a 4500 |
| 001 - CONTROL NUMBER | |
| control field | 67533 |
| 003 - CONTROL NUMBER IDENTIFIER | |
| rucl marc code | BD-RjUL |
| 005 - DATE AND TIME OF LATEST TRANSACTION | |
| control field | 20211209081652.0 |
| 008 - FIXED-LENGTH DATA ELEMENTS--GENERAL INFORMATION | |
| fixed length control field | 170325s1947 xx a 001 0 eng d |
| 035 ## - SYSTEM CONTROL NUMBER | |
| System control number | (BD-RjUL)67664 |
| 040 ## - CATALOGING SOURCE | |
| Original cataloging agency | DLC |
| Transcribing agency | FO |
| Modifying agency | Uk |
| -- | DLC |
| -- | (BD-RjUL) |
| Language of cataloging | eng |
| 041 ## - LANGUAGE CODE | |
| Language code of text/sound track or separate title | eng |
| 082 ## - DEWEY DECIMAL CLASSIFICATION NUMBER | |
| Edition number | 23 |
| Classification number | 621.57 |
| Author mark and year | MOP 1947 |
| 100 1# - MAIN ENTRY--PERSONAL NAME | |
| Personal name | Motz,William H. |
| 9 (RLIN) | 44008 |
| 245 00 - TITLE STATEMENT | |
| Title | Principles of refrigeration / |
| Statement of responsibility, etc. | William H. Motz. |
| 250 ## - EDITION STATEMENT | |
| Edition statement | 3rd rev. ed. |
| 260 ## - PUBLICATION, DISTRIBUTION, ETC. (IMPRINT) | |
| Place of publication, distribution, etc. | Chicago : |
| Name of publisher, distributor, etc. | Nickerson & Collins, |
| Date of publication, distribution, etc. | 1947 |
| 300 ## - PHYSICAL DESCRIPTION | |
| Pagination | vi, 666 p. : |
| Illustrations | ill ; |
| Size | 25 cm. |
| 504 ## - BIBLIOGRAPHY, ETC. NOTE | |
| Bibliography, etc | Includes index |
| 650 #0 - SUBJECT ADDED ENTRY--TOPICAL TERM | |
| Topical term or geographic name as entry element | Refrigeration and refrigerating machinery. |
| 9 (RLIN) | 41167 |
| 942 ## - ADDED ENTRY ELEMENTS (KOHA) | |
| Source of classification or shelving scheme | Dewey Decimal Classification |
| Koha item type | Books |
| Lost status | Source of classification or shelving scheme | Damaged status | Not for loan | Collection code | Permanent Location | Current Location | Shelving location | Date acquired | Source of acquisition | Total Checkouts | Full call number | Date last seen | Copy number | Koha item type |
|---|---|---|---|---|---|---|---|---|---|---|---|---|---|---|
| Dewey Decimal Classification | Not For Loan | Non-fiction | Central Library, University of Rajshahi | Central Library, University of Rajshahi | Reading Room | 21/09/1964 | Australia | 621.57 MOP 1947 | 25/03/2017 | C-1 | Books |